000 00513nam a2200181Ia 4500
005 20250326125302.0
008 250326s9999 xx 000 0 und d
037 _aTextbook
040 _aFMSL
_beng
_cFMSL
041 _aeng
_2eng
084 _aX65.1 L5
_qFMSL
100 _aLal D
_9738805
245 0 _aAppraising foreign investment in developing countries
_cLal D
260 _aNew Delhi
_bNew Delhi, Oxford & IBH
_c1975
300 _a291p
942 _cTB
_hX65.1 L5
999 _c1277354
_d1277354